000 00797nam a2200217 i 4500
001 95089
003 ES-MaACL
005 20250730153546.0
007 t|
008 050523s1959 sp af |||| | spa d
080 _a970/80"15"
100 1 _aLummis, Charles F.
_974745
245 1 4 _aLos exploradores españoles del siglo XVI
_b: vindicación de la acción colonizadora española en América /
_cversión Charles F. Lummis ; con datos biográficos del autor por Arturo Cuyás.
250 _a15ª ed.
260 _aBarcelona :
_bAraluce,
_c1959.
300 _a264 p., 3 h., 9 lám. ;
_c23 cm.
651 4 _aAmérica española-
_xHistoria-
_y1492-1600 (Descubrimiento y conquista)
_97724
700 1 _aCuyás Armengol, Arturo.
_9148645
852 _aES-MaACL
_jC-17195
999 _c95089
_d95089